| 000 | 02398cas a2200613 a 4500 | ||
|---|---|---|---|
| 001 | 11333401 | ||
| 003 | OSt | ||
| 005 | 20230620154242.0 | ||
| 008 | 871112d19872004ja fr p 0 0eng | ||
| 010 | _a 87655792 | ||
| 016 | 7 |
_a010020184 _2Uk |
|
| 022 |
_a0913-8773 _l0913-8773 |
||
| 035 | _a(OCoLC)ocm16968055 | ||
| 037 | _b19th Mori Bldg., 1-2-20 Toranomon, Minato-ku, Tokyo 105, Japan | ||
| 040 |
_aDLC _beng _cDLC _dNST _dHUL _dNYG _dDLC _dNST _dSYS _dOCLCQ _dDLC _dCUS _dOCLCQ _dUKMGB _dOCLCO _dOCLCF _dBEDGE _dOCL _dOCLCO _dOCL _dDLC _dIL4J6 _dOCLCA _dPUL |
||
| 042 | _apcc | ||
| 043 | _aa-ja--- | ||
| 050 | 0 | 0 |
_aD839 _b.J37 |
| 050 | 1 | 4 |
_aDS801 _b.J316 |
| 082 | 0 | 0 |
_a327/.09/04 _220 _bJIA |
| 245 | 0 | 0 | _aJapan review of international affairs. |
| 260 |
_aTokyo, Japan : _bJapan Institute of International Affairs, _cc1987- |
||
| 300 |
_av. ; _c23 cm. |
||
| 310 | _aSemiannual | ||
| 362 | 0 | _aVol. 1, no. 1 (spring/summer 1987)- | |
| 362 | 1 | _aCeased with 18 (1) (Spring 2004). | |
| 500 | _aTitle from cover. | ||
| 530 | _aAlso issued online. | ||
| 590 | _aSERBIB/SERLOC merged record | ||
| 648 | 7 |
_a1945-1989 _2fast |
|
| 650 | 0 |
_aWorld politics _y1945-1989 _vPeriodicals. |
|
| 650 | 7 |
_aPolitique internationale. _2eclas |
|
| 650 | 7 |
_aPublications périodiques. _2eclas |
|
| 650 | 7 |
_aRelations internationales. _2eclas |
|
| 650 | 7 |
_aDiplomatic relations. _2fast _0(OCoLC)fst01907412 |
|
| 650 | 7 |
_aWorld politics. _2fast _0(OCoLC)fst01181381 |
|
| 650 | 7 |
_aWorld politics _y1945- _vPeriodicals. _2nli |
|
| 651 | 0 |
_aJapan _xForeign relations _y1945-1989 _vPeriodicals. |
|
| 651 | 7 |
_aAsie. _2eclas |
|
| 651 | 7 |
_aJapon. _2eclas |
|
| 651 | 7 |
_aRégion du Pacifique. _2eclas |
|
| 651 | 7 |
_aJapan. _2fast _0(OCoLC)fst01204082 |
|
| 651 | 7 |
_aJapan _xForeign relations _y1945- _vPeriodicals. _2nli |
|
| 655 | 7 |
_aPeriodicals. _2fast _0(OCoLC)fst01411641 |
|
| 655 | 7 |
_aPeriodicals. _2lcgft _0http://id.loc.gov/authorities/genreForms/gf2014026139 _0(uri) http://id.loc.gov/authorities/genreForms/gf2014026139 |
|
| 710 | 2 | _aNihon Kokusai Mondai Kenkyūjo. | |
| 776 | 0 | 8 |
_iOnline version: _tJapan review of international affairs _w(OCoLC)624463831 |
| 906 |
_a7 _bcbc _cserials _d3 _encip _f19 _gn-oclcserc |
||
| 942 |
_2ddc _cBK |
||
| 999 |
_c1876 _d1876 |
||